LEADER 03265oam 2200733I 450 001 9910457084103321 005 20200520144314.0 010 $a1-134-19687-3 010 $a1-134-19688-1 010 $a1-282-57637-2 010 $a9786612576379 010 $a0-203-86633-9 024 7 $a10.4324/9780203866337 035 $a(CKB)2550000000006711 035 $a(EBL)481013 035 $a(OCoLC)609649551 035 $a(SSID)ssj0000357466 035 $a(PQKBManifestationID)11262998 035 $a(PQKBTitleCode)TC0000357466 035 $a(PQKBWorkID)10352908 035 $a(PQKB)10343142 035 $a(MiAaPQ)EBC481013 035 $a(MiAaPQ)EBC4977147 035 $a(Au-PeEL)EBL481013 035 $a(CaPaEBR)ebr10370226 035 $a(OCoLC)609649551 035 $a(Au-PeEL)EBL4977147 035 $a(CaONFJC)MIL257637 035 $a(EXLCZ)992550000000006711 100 $a20180706d2010 uy 0 101 0 $aeng 135 $aur|n|---||||| 181 $ctxt 182 $cc 183 $acr 200 10$aBusiness continuity management $ea crisis management approach /$fDominic Elliott, Ethne Swartz, and Brahim Herbane 205 $a2nd ed. 210 1$aNew York, N.Y. :$cRoutledge,$d2010. 215 $a1 online resource (347 p.) 300 $aDescription based upon print version of record. 311 $a0-415-37109-0 311 $a0-415-37108-2 320 $aIncludes bibliographical references and index. 327 $aBook Cover; Title; Copyright; Contents; Preface; 1 Continuity Management in Historical Context; 2 Legal Drivers and Business Continuity Management Standards; 3 Digital Resilience and Business Continuity Management; 4 Initiating, Redefining and Planning for Business Continuity Management: The Scope of Business Continuity Management; 5 Continuity Analysis and Planning; 6 Embedding Business Continuity Management; 7 Operational Management: Testing, Exercising and Incident Management; 8 Reflections on Past and Future; Notes; Bibliography; Index 330 $aSince the publication of the first edition in 2002, interest in crisis management has been fuelled by a number of events, including 9/11. The first edition of this text was praised for its rigorous yet logical approach, and this is continued in the second edition, which provides a well-researched, theoretically robust approach to the topic combined with empirical research in continuity management. New chapters are included on digital resilience and principles of risk management for business continuity. All chapters are revised and updated with particular attention being paid to the i 606 $aCrisis management 606 $aEmergency management 606 $aBusiness planning 608 $aElectronic books. 615 0$aCrisis management. 615 0$aEmergency management. 615 0$aBusiness planning. 676 $a658.4/056 676 $a658.4056 700 $aElliott$b Dominic$f1963-,$0900089 701 $aHerbane$b Brahim$f1969-$0900090 701 $aSwartz$b Ethne$f1961-$0900091 801 0$bMiAaPQ 801 1$bMiAaPQ 801 2$bMiAaPQ 906 $aBOOK 912 $a9910457084103321 996 $aBusiness continuity management$92010959 997 $aUNINA LEADER 02679nam 22005775 450 001 9910739449503321 005 20230811232801.0 010 $a3-031-29601-X 024 7 $a10.1007/978-3-031-29601-7 035 $a(MiAaPQ)EBC30684888 035 $a(Au-PeEL)EBL30684888 035 $a(DE-He213)978-3-031-29601-7 035 $a(PPN)27226718X 035 $a(CKB)27973041100041 035 $a(EXLCZ)9927973041100041 100 $a20230811d2023 u| 0 101 0 $aeng 135 $aurcnu|||||||| 181 $ctxt$2rdacontent 182 $cc$2rdamedia 183 $acr$2rdacarrier 200 10$aSpringer Series in Light Scattering $eVolume 9: Electromagnetic Theory of Scattering and Radiative Transfer /$fedited by Alexander Kokhanovsky 205 $a1st ed. 2023. 210 1$aCham :$cSpringer International Publishing :$cImprint: Springer,$d2023. 215 $a1 online resource (275 pages) 225 1 $aSpringer Series in Light Scattering,$x2509-2804 311 08$aPrint version: Kokhanovsky, Alexander Springer Series in Light Scattering Cham : Springer International Publishing AG,c2023 9783031296000 327 $aExtinction of electromagnetic waves by bounded targets: local and far-field definitions, measurements, generalizations and paradoxes -- Light scattering by large densely packed clusters of particles -- The volume scattering function of particles in the oceans -- Light backscattering by atmospheric particles: from laboratory to field experiments -- Local optical properties of turbid media and their influence on radiative transfer processes -- The study of planetary surface materials using reflectance spectroscopy. 330 $aThe book is aimed at description of recent progress in studies of light extinction, absorption, and scattering in turbid media. In particular, light scattering/oceanic optics/planetary optics research communities are greatly benefit from the publication of this book. 410 0$aSpringer Series in Light Scattering,$x2509-2804 606 $aOptics 606 $aEarth sciences 606 $aGeography 606 $aApplied Optics 606 $aEarth and Environmental Sciences 606 $aLight-Matter Interaction 615 0$aOptics. 615 0$aEarth sciences. 615 0$aGeography. 615 14$aApplied Optics. 615 24$aEarth and Environmental Sciences. 615 24$aLight-Matter Interaction. 676 $a621.36 700 $aKokhanovsky$b Alexander$01067490 801 0$bMiAaPQ 801 1$bMiAaPQ 801 2$bMiAaPQ 906 $aBOOK 912 $a9910739449503321 996 $aSpringer Series in Light Scattering$93553886 997 $aUNINA